000 01071nmc a2200361 a 4500
003 AR-BaBNM
005 20251128204441.0
008 011101s1990 ||||||||||||||000 | spa||
020 _a84-7509-617-4
040 _cAR-BaBNM
100 1 _aBertolini, Piero
245 1 0 _aNuevas orientaciones para el currículum de la educación infantil
_b3 a 6 años
250 _a1ª ed.
260 _aBarcelona
_bPaidós
_c1990
300 0 _a227 p.
_bil., tablas
490 0 _aPaidós educador
_vv. 98
650 4 _aCURRICULO
650 4 _aEDUCACION DE LA PRIMERA INFANCIA
650 4 _aPLANIFICACION DEL CURRICULO
650 4 _aDESARROLLO DEL NINO
650 4 _aDESARROLLO DE DESTREZAS
650 4 _aDESARROLLO DE LA PERSONALIDAD
650 4 _aPSICOLOGIA DEL NINO
650 4 _aOBJETIVOS COGNOSCITIVOS
650 4 _aCURRICULO INTEGRADO
653 0 _aEDUCACION INICIAL
653 0 _aJARDINES DE INFANTES
700 1 _aFrabboni, Franco
700 1 _aTorquati, Claudia I.
_etraductor
700 1 _aBellani, Nélida
_etraductor
942 _cBK
998 _cSILVI
999 _c7474
_d7474